Η σοσιαλιστική σκέψη στην Ελλάδα : από το 1875 ως το 1974
Αποθηκεύτηκε σε:
| Άλλοι συγγραφείς: | |
|---|---|
| Μορφή: | Βιβλίο |
| Γλώσσα: | Greek |
| Δημοσίευση: |
Αθήνα :
Γνώση,
1993.
|
| Έκδοση: | 1η έκδ. |
| Σειρά: | Φιλοσοφική και πολιτική βιβλιοθήκη ;
v.37 |
| Θέματα: | |
| Ετικέτες: |
Προσθήκη ετικέτας
Δεν υπάρχουν, Καταχωρήστε ετικέτα πρώτοι!
|
MARC
| LEADER | 00000cam a2200000 i 4500 | ||
|---|---|---|---|
| 001 | 1/85553 | ||
| 008 | 050919s1993 gr | ||| |||| ||gre|| | ||
| 020 | |a 9602353953 |q (σετ) | ||
| 020 | |a 960235481X | ||
| 035 | |l 10080306 | ||
| 040 | |a GR-MY-UA |b gre |e aacr | ||
| 041 | 0 | |a gre | |
| 082 | 7 | |a 320.53109495 |2 (22) | |
| 245 | 0 | 2 | |a Η σοσιαλιστική σκέψη στην Ελλάδα : |b από το 1875 ως το 1974 / |c εισαγωγή, επιλογή κειμένων, υπομνηματισμός: Παναγιώτης Νούτσος. |
| 250 | |a 1η έκδ. | ||
| 260 | |a Αθήνα : |b Γνώση, |c 1993. | ||
| 300 | |a 4 τ. ; |c 21 εκ. | ||
| 490 | 1 | |a (Φιλοσοφική και πολιτική βιβλιοθήκη ; |v vol.37) | |
| 500 | |a Περίληψη στα γαλλικά. | ||
| 504 | |a Περιέχει βιβλιογραφικές παραπομπές και ευρετήριο. | ||
| 505 | 8 | |a Τ.1. Οι σοσιαλιστές διανοούμενοι και η πολιτική λειτουργία της πρώιμης κοινωνικής κριτικής (1875-1907) -- τ.2. Ιδέες και κινήσεις για την οικονομική και πολιτική οργάνωση της εργατικής τάξης (1907-1925) -- τ.3. Η εδραίωση του μαρξισμού-λενινισμού και οι αποκλίνουσες ή οι ετερογενεις επεξεργασίες (1926-1955) -- τ.4. Τα ρήγματα της τριτοδιεθνιστικής "ορθοδοξίας" και οι νεωτερικές συλλήψεις της σοσιαλιστικής θεωρίας (1956-1974) | |
| 650 | 0 | 0 | |a Socialism |z Greece |x History |x Sources. |
| 650 | 0 | 0 | |a Communism |z Greece |x History |x Sources. |
| 700 | 1 | |a Νούτσος, Παναγιώτης Χρ., |d 1948- |e edt | |
| 740 | 3 | |a Οι σοσιαλιστές διανοούμενοι και η πολιτική λειτουργία της πρώιμης κοινωνικής κριτικής (1875-1907) | |
| 740 | 0 | |a Ιδέες και κινήσεις για την οικονομική και πολιτική οργάνωση της εργατικής τάξης (1907-1925) | |
| 740 | 2 | |a Η εδραίωση του μαρξισμού-λενινισμού και οι αποκλίνουσες ή οι ετερογενεις επεξεργασίες (1926-1955) | |
| 740 | 3 | |a Τα ρήγματα της τριτοδιεθνιστικής "ορθοδοξίας" και οι νεωτερικές συλλήψεις της σοσιαλιστικής θεωρίας (1956-1974) | |
| 830 | 0 | |a Φιλοσοφική και πολιτική βιβλιοθήκη ; |v v.37 | |
| 852 | |a INST |b LESVOS |e 20050919 |h 320.53109495 ΝΟΥ |p 005100032600 |q 005100032600 |t BK |y 0 |z τ.3 | ||
| 852 | |a INST |b LESVOS |e 20050919 |h 320.53109495 ΝΟΥ |p 005100032600 |q 005100032600 |t BK |v τ.3: |y 0 |z τ.3 | ||
| 853 | |a INST |b LESVOS |h 320.53109495 ΝΟΥ | ||
| 901 | |a BIBL1-2005-3 | ||
| 909 | |a Λ |b 113839 | ||
| 920 | |a ΔΙΕΥΡΥΝΣΗ |b ΕΠΕΑΕΚ-ΤΚ |y Λέσβος |z 2004-10 | ||
| 970 | |a ΚΑΡΑ |b ΓΙΑΣΕΜΗ |z 2005/09/19 | ||